[Event "Madrid-ch sf"]
[Site "Madrid"]
[Date "2022.05.11"]
[Round "8"]
[White "Baeza Escudero, Javier"]
[Black "Palomo Monserrat, Lorenzo"]
[Result "0-1"]
[WhiteElo "1874"]
[BlackElo "1862"]
[PlyCount "50"]
[EventDate "2022.05.04"]
[EventType "swiss"]
[EventRounds "9"]
[EventCountry "ESP"]
[SourceTitle "EXT 2023"]
[Source "ChessBase"]
[SourceDate "2022.10.05"]
[SourceVersion "1"]
[SourceVersionDate "2022.10.05"]
[SourceQuality "1"]

1. e4 c5 2. Nf3 d6 3. d4 cxd4 4. Nxd4 Nf6 5. Nc3 Nc6 6. Bg5 e6 7. Qd2 Be7 8. 0-0-0 0-0 9. f4 h6 10. Bxf6 Bxf6 11. Nxc6 bxc6 12. Qxd6 Qb6 13. e5 Rd8 14. Qa3 Qe3+ 15. Kb1 Rxd1+ 16. Nxd1 Qxa3 17. bxa3 Rb8+ 18. Nb2 Be7 19. Bc4 Bxa3 20. Bb3 a5 21. Nc4 Bb4 22. Kc1 Ba6 23. Rd1 a4 24. a3 axb3 25. cxb3 Bxc4 0-1

[Event "Madrid-ch sf"]
[Site "Madrid"]
[Date "2022.05.05"]
[Round "2"]
[White "Feal Albala, Alonso"]
[Black "Palomo Monserrat, Lorenzo"]
[Result "0-1"]
[WhiteElo "1892"]
[BlackElo "1862"]
[PlyCount "70"]
[EventDate "2022.05.04"]
[EventType "swiss"]
[EventRounds "9"]
[EventCountry "ESP"]
[SourceTitle "EXT 2023"]
[Source "ChessBase"]
[SourceDate "2022.10.05"]
[SourceVersion "1"]
[SourceVersionDate "2022.10.05"]
[SourceQuality "1"]

1. e4 c5 2. Nf3 d6 3. d4 cxd4 4. Nxd4 Nf6 5. Nc3 Nc6 6. Be3 e6 7. Be2 Be7 8. 0-0 0-0 9. f4 d5 10. e5 Nd7 11. Bg4 Nb6 12. b3 a6 13. Rf3 Bd7 14. Rh3 Rc8 15. Nce2 Qc7 16. Qd3 g6 17. Nxc6 Bxc6 18. Nd4 Nd7 19. Kh1 Nc5 20. Qe2 Bd7 21. Rc1 Ne4 22. c4 b5 23. Bf3 bxc4 24. Bxe4 dxe4 25. Rxc4 Qb7 26. Bg1 Rxc4 27. Qxc4 Rc8 28. Qe2 Bc5 29. Qd2 Qd5 30. Rc3 Bc6 31. Rc4 Bb5 32. Rc1 Rd8 33. Rd1 Bd3 34. Nc2 Bxc2 35. Qxd5 exd5 0-1

[Event "Madrid-ch Previa-A"]
[Site "Madrid"]
[Date "2022.03.22"]
[Round "8"]
[White "Gueler Berdasco, Martin"]
[Black "Palomo Monserrat, Lorenzo"]
[Result "1-0"]
[WhiteElo "1957"]
[BlackElo "1645"]
[PlyCount "73"]
[EventDate "2022.03.07"]
[EventType "swiss"]
[EventRounds "9"]
[EventCountry "ESP"]
[SourceTitle "EXT 2023"]
[Source "ChessBase"]
[SourceDate "2022.10.05"]
[SourceVersion "1"]
[SourceVersionDate "2022.10.05"]
[SourceQuality "1"]

1. c4 e5 2. g3 Nc6 3. Bg2 f5 4. Nc3 g6 5. a3 Bg7 6. b4 Nf6 7. Bb2 d6 8. b5 Ne7 9. e3 c6 10. Nge2 Be6 11. d3 0-0 12. Rb1 d5 13. bxc6 bxc6 14. cxd5 cxd5 15. d4 e4 16. Nf4 Bc8 17. h4 Qd6 18. Bf1 Ba6 19. Bxa6 Qxa6 20. Qa4 Qc8 21. 0-0 h6 22. Rfc1 Qc4 23. Nfxd5 Qxa4 24. Nxe7+ Kf7 25. Nxa4 Kxe7 26. Rc7+ Nd7 27. Nc5 Rfd8 28. Bc3 Rac8 29. Rxc8 Rxc8 30. Rb7 Rd8 31. Rxa7 Ke8 32. Ba5 Nxc5 33. Bxd8 Ne6 34. Re7+ Kxd8 35. Rxe6 g5 36. hxg5 hxg5 37. Rg6 1-0

[Event "Madrid-ch Previa-A"]
[Site "Madrid"]
[Date "2022.03.16"]
[Round "6"]
[White "Balsera Gomez, Antonio"]
[Black "Palomo Monserrat, Lorenzo"]
[Result "0-1"]
[WhiteElo "1414"]
[BlackElo "1645"]
[PlyCount "138"]
[EventDate "2022.03.07"]
[EventType "swiss"]
[EventRounds "9"]
[EventCountry "ESP"]
[SourceTitle "EXT 2023"]
[Source "ChessBase"]
[SourceDate "2022.10.05"]
[SourceVersion "1"]
[SourceVersionDate "2022.10.05"]
[SourceQuality "1"]

1. e4 c5 2. Nc3 Nc6 3. f4 g6 4. Nf3 Bg7 5. Bb5 a6 6. Bxc6 dxc6 7. 0-0 Nf6 8. d3 0-0 9. h3 Nd7 10. Be3 b6 11. Qe1 Re8 12. Qf2 Nf8 13. g4 f5 14. gxf5 gxf5 15. e5 Ne6 16. Ne2 Rf8 17. Kh2 Bb7 18. Rg1 Kh8 19. Ng3 Qe8 20. Bd2 Rd8 21. Nh4 Nd4 22. c3 Ne6 23. Ngxf5 Rxd3 24. Nxg7 Nxg7 25. Qe2 Qd7 26. Nf3 Rxf3 27. Qxf3 Qxd2+ 28. Rg2 Qxf4+ 29. Qxf4 Rxf4 30. Rag1 Rf7 31. e6 Rf8 32. Rxg7 Rf2+ 33. R1g2 Rxg2+ 34. Rxg2 Bc8 35. Re2 Kg7 36. Kg3 Kf6 37. a3 Bxe6 38. h4 Bd5 39. Kf4 c4 40. Re5 e6 41. Rg5 b5 42. h5 a5 43. h6 Be4 44. Rg7 Bf5 45. Rc7 Kg6 46. Rxc6 Kxh6 47. Rb6 a4 48. Rxb5 Bc2 49. Rb6 Kh5 50. Rxe6 Bd3 51. Re1 Kg6 52. Rg1+ Kh5 53. Ke3 Bc2 54. Kd4 Bb3 55. Rg2 h6 56. Ke3 Kh4 57. Kf4 Kh3 58. Rg1 Kh2 59. Rc1 Kg2 60. Kg4 Kf2 61. Kh5 Ke2 62. Kxh6 Kd2 63. Rh1 Kc2 64. Rh2+ Kc1 65. Kg5 Bc2 66. b4 axb3 67. a4 b2 68. a5 b1Q 69. Rh1+ Bd1 0-1